| 000 | 00773nam a22002657a 4500 | ||
|---|---|---|---|
| 001 | 000558 | ||
| 003 | DO-SdBNP | ||
| 005 | 20180205114913.0 | ||
| 007 | 000558 | ||
| 008 | 161017b 1997 sp ||||| |||| 00| 0 spa d | ||
| 020 | _a8432206407 | ||
| 040 |
_aBPMSU _bspa _cBPMSU |
||
| 082 |
_axxxxx _bxxxxx |
||
| 100 | 1 |
_aMendoza, Eduardo _d1943- |
|
| 245 | 1 | 0 |
_aSin noticias de Gurb / _cEduardo Mendoza. |
| 250 | _a31 ed. | ||
| 260 |
_aBarcelona : _bSeix Barral, _c1997. |
||
| 300 |
_a139 p. ; _c20 cm. |
||
| 490 | 1 | _aBiblioteca breve. | |
| 500 | _aIncluye datos biográficos del autor en la solapa de la cubierta. | ||
| 830 | 0 | _aBiblioteca breve. | |
| 942 |
_2ddc _cBK |
||
| 945 | _ainventariado, 2018 / dg | ||
| 956 |
_2LOPEREZ _310 _620161017 _8BPMSU _a00041 |
||
| 999 |
_c11582 _d11582 |
||